BASIC ENGINEERING MECHANICS ,ENGINEERING MECHANICS MECHANICS-ENGINEERING (Record no. 581172)

000 -LEADER
fixed length control field 00332nam a22001217a 4500
020 ## - INTERNATIONAL STANDARD BOOK NUMBER
International Standard Book Number 0-333-25499-6
082 ## - DEWEY DECIMAL CLASSIFICATION NUMBER
Classification number 620.1 HUG'B
100 ## - MAIN ENTRY--PERSONAL NAME
Personal name MARTIN, K. F, HUGHES, J. H
9 (RLIN) 75773
245 ## - TITLE STATEMENT
Title BASIC ENGINEERING MECHANICS ,ENGINEERING MECHANICS MECHANICS-ENGINEERING
260 ## - PUBLICATION, DISTRIBUTION, ETC.
Place of publication, distribution, etc. NEW DELHI
Name of publisher, distributor, etc. ELBS
Date of publication, distribution, etc. 1986
300 ## - PHYSICAL DESCRIPTION
Extent 364P
942 ## - ADDED ENTRY ELEMENTS (KOHA)
Koha item type Book
Holdings
Withdrawn status Lost status Damaged status Not for loan Permanent Location Current Location Shelving location Date acquired Total Checkouts Full call number Barcode Date last seen Price effective from Koha item type
        College of Electrical & Mechanical Engineering (CEME) College of Electrical & Mechanical Engineering (CEME) General Stacks 05/22/2017   620.1 HUG'B CEME-21634 06/28/2021 06/28/2021 Book
© 2023 Central Library, National University of Sciences and Technology. All Rights Reserved.